Welcome to CU Library Online Public Access Catalogue (OPAC)

Introduction to teaching : (Record no. 5140)

MARC details
000 -LEADER
fixed length control field 00898cam a2200253 a 4500
001 - CONTROL NUMBER
control field 14693365
005 - DATE AND TIME OF LATEST TRANSACTION
control field 20250324122915.0
008 - FIXED-LENGTH DATA ELEMENTS--GENERAL INFORMATION
fixed length control field 070110s2008 njua b 001 0 eng
020 ## - INTERNATIONAL STANDARD BOOK NUMBER
International Standard Book Number 9780131994553 (alk. paper)
020 ## - INTERNATIONAL STANDARD BOOK NUMBER
International Standard Book Number 0131994557 (alk. paper)
050 00 - LIBRARY OF CONGRESS CALL NUMBER
Classification number LB1775
Item number .K37 2008
082 00 - DEWEY DECIMAL CLASSIFICATION NUMBER
Classification number 371.1
Edition information 22
100 1# - MAIN ENTRY--PERSONAL NAME
Personal name Kauchak, Donald,
Dates associated with a name 1946-
245 10 - TITLE STATEMENT
Title Introduction to teaching :
Remainder of title becoming a professional /
Statement of responsibility, etc. Donald Kauchak, Paul Eggen.
250 ## - EDITION STATEMENT
Edition statement 3rd ed.
260 ## - PUBLICATION, DISTRIBUTION, ETC.
Place of publication, distribution, etc. Upper Saddle River, N.J. :
Name of publisher, distributor, etc. PH/Merrill/Pearson,
Date of publication, distribution, etc. c2008.
300 ## - PHYSICAL DESCRIPTION
Extent xxxii, 528 p. :
Other physical details col. ill. ;
Dimensions 28 cm. +
Accompanying material 1 DVD -ROM (4 3/4 in.)
650 #0 - SUBJECT ADDED ENTRY--TOPICAL TERM
Topical term or geographic name entry element Teachers.
650 #0 - SUBJECT ADDED ENTRY--TOPICAL TERM
Topical term or geographic name entry element Teaching
General subdivision Vocational guidance.
650 #0 - SUBJECT ADDED ENTRY--TOPICAL TERM
Topical term or geographic name entry element Education
Geographic subdivision United States.
700 1# - ADDED ENTRY--PERSONAL NAME
Personal name Eggen, Paul D.,
Dates associated with a name 1940-
856 41 - ELECTRONIC LOCATION AND ACCESS
Materials specified Table of contents only
Uniform Resource Identifier <a href="http://www.loc.gov/catdir/toc/ecip078/2007000857.html">http://www.loc.gov/catdir/toc/ecip078/2007000857.html</a>
942 ## - ADDED ENTRY ELEMENTS (KOHA)
Source of classification or shelving scheme Library of Congress Classification
Koha item type Books
Edition 3rd Ed.
Suppress in OPAC No
999 ## -
-- 5140
-- 5140
Holdings
Withdrawn status Lost status Source of classification or shelving scheme Damaged status Not for loan Collection Home library Current library Shelving location Date acquired Total checkouts Full call number Barcode Date last seen Copy number Price effective from Koha item type
    Library of Congress Classification     Non-fiction Business Library (Miotso) Business Library (Miotso) General stacks 03/24/2025   LB1775 .K37 2008 BSSM00001564 03/24/2025 1 03/24/2025 Books
© 2023-2024 Copyright: Central University Libraries. All Rights Reserved | Created by: Mahone Tech Office